Marcatori dell'Atalanta in UEFA Champions League 2019-2020 - Statistics

Statistiche generali
  • Questo quiz è stato fatto 20 volte
  • Il punteggio medio è 14 su 17
Statistiche sulle risposte
Partita Minuto Marcatore % Corretto
Atalanta - Dinamo Zagabria 2-0 14' Alejandro Gómez
94%
Atalanta - Valencia 4-1 62' Josip Iličić
94%
Valencia - Atalanta 3-4 3' Josip Iličić
94%
Valencia - Atalanta 3-4 43' Josip Iličić
94%
Valencia - Atalanta 3-4 71' Josip Iličić
94%
Valencia - Atalanta 3-4 82' Josip Iličić
94%
Atalanta - Manchester City 1-1 49' Mario Pašalić
89%
Shakhtar Donetsk - Atalanta 0-3 80' Mario Pašalić
89%
Atalanta - Paris Saint-Germain 1-2 27' Mario Pašalić
89%
Atalanta - Shakhtar Donetsk 1-2 28' Duván Zapata
83%
Atalanta - Valencia 4-1 16' Hans Hateboer
83%
Atalanta - Valencia 4-1 42' Hans Hateboer
83%
Atalanta - Dinamo Zagabria 2-0 27' Luis Muriel
78%
Shakhtar Donetsk - Atalanta 0-3 94' Robin Gosens
78%
Atalanta - Valencia 4-1 57' Remo Freuler
72%
Shakhtar Donetsk - Atalanta 0-3 66' Timothy Castagne
67%
Manchester City - Atalanta 5-1 28' Ruslan Malinovs'kyj
61%
Nessun quiz corrispondente trovato
Distribuzione punteggi
Percentuale di utenti per punteggio
Percentile per numero di risposta
I tuoi punteggi nel tempo
Non hai fatto questo quiz